Which Microstate? - Statistics

General Stats
  • This quiz has been taken 20 times
  • The average score is 8 of 10
Answer Stats
Question Answer % Correct
_____'s capital city is the country's name with something after it. Andorra
95%
_____ is made up entirely out of islands. Malta
95%
_____ is 1 of 2 countries (other being Vatican City) that are COMPLETELY surrounded by Italy. San Marino
95%
_____ is the home of the pope of the Catholic Church. Vatican City
95%
_____ has a GDP per capita (as of 2021) of greater than US$200,000. Monaco
89%
_____ borders only France. Monaco
89%
_____'s capital city has 5 letters in its name. Liechtenstein
84%
_____ most recently hosted a Formula 1 Grand Prix. Monaco
79%
_____ has more than 500,000 people. Malta
58%
_____ is pictured in the thumbnail above. Liechtenstein
47%
No matching quizzes found
Score Distribution
Percent of People with Each Score
Percentile by Number Answered
Your Score History
You have not taken this quiz